| 000 | 00876nmm a2200265 a 4500 | ||
|---|---|---|---|
| 001 | ocm0001162408 | ||
| 003 | TR-IsHL | ||
| 005 | 20201028154012.0 | ||
| 008 | 150709s2015 tu tur | ||
| 007 | cr cn | ||
| 020 | _a9786058535398 | ||
| 035 |
_a1162408 _b(N$T) |
||
| 050 | 0 | 4 |
_aDR504 _b.Ç53 2015 |
| 090 | 0 | 4 |
_aDR504 _b.Ç53 2015 |
| 100 | 1 | _aÇibir, Şaban | |
| 245 | 1 | 0 |
_aYavuz Sultan Selim: "hizmetkar" _h[electronic resource] / _cŞaban Çibir |
| 260 |
_aİstanbul : _bParola Yayınları, _c2015 |
||
| 300 | _a145 p. | ||
| 650 | 4 | _aTarih | |
| 650 | 4 | _aHistory | |
| 650 | 0 | _aYavuz Sultan Selim, Türk Sultanı, 1470-1520 | |
| 650 | 0 | _aSelim I, Sultan of the Turks, 1470-1520 | |
| 650 | 7 |
_aHISTORY / Middle East / Turkey & Ottoman Empire _2bisacsh |
|
| 856 | 4 | 0 | _uhttp://search.ebscohost.com/login.aspx?direct=true&scope=site&db=e011xww&AN=1162408 |
| 999 |
_c12346 _d12346 |
||